Statistics for White Horse (TV) - Taylor Swift (All Lyrics)

Click here to take the quiz!

General Stats

  • This quiz has been taken 52 times
  • The average score is 257 of 304

Answer Stats

Lyrics% Correct
a
100%
an
100%
come
100%
I
100%
it
100%
to
100%
To
100%
You
100%
you
100%
your
100%
and
97%
And
97%
for
97%
fairytale
94%
horse
94%
I'm
94%
it's
94%
It's
94%
late
94%
not
94%
princess,
94%
This
94%
this
94%
too
94%
white
94%
around
91%
now
91%
Now
91%
now,
91%
of
91%
Say
91%
so
91%
that
91%
That
91%
the
91%
ain't
88%
be
88%
'Cause
88%
Hollywood,
88%
in
88%
is
88%
me
88%
on,
88%
on
88%
one
88%
sorry
88%
sorry,
88%
you're
88%
But
84%
off
84%
Oh,
84%
oh
84%
when
84%
Who
84%
catch
81%
her
81%
small
81%
town
81%
you'll
81%
angel
78%
As
78%
back
78%
Comes
78%
face
78%
feet,
78%
just
78%
Just
78%
know
78%
lead
78%
need
78%
out
78%
stairwell
78%
up
78%
was
78%
believed
75%
big
75%
down
75%
girl,
75%
known,
75%
known
75%
let
75%
many
75%
There
75%
there
75%
world,
75%
actually
72%
all
72%
before
72%
dreamer
72%
find
72%
gonna
72%
had
72%
honestly
72%
love
72%
my
72%
never
72%
someone
72%
Stupid
72%
sweep
72%
time
72%
treat
72%
Well,
72%
well
72%
about
69%
are
69%
disappearing
69%
forth
69%
have
69%
like
69%
mirror
69%
rearview
69%
beggin'
66%
Beggin'
66%
days
66%
didn't
66%
fight
66%
forgiveness,
66%
knees
66%
our
66%
wanted
66%
went
66%
dreams
63%
eyes
63%
hand
63%
Holdin'
63%
might
63%
paced
63%
someday
63%
Try
63%
upper
63%
always
59%
drag
59%
endings,
59%
got
59%
Happy
59%
Maybe
59%
naive,
59%
really
59%
chance
56%
lost
50%
mistake,
50%
shoulda
41%
woah,
41%
woah
41%

Score Distribution

Percentile by Number Answered

Percent of People with Each Score

Your Score History

You have not taken this quiz